Регионална библиотека "Любен Каравелов" - Русе

Тайните на Предсказанията (Запис номер 4226)

MARC детайли
000 -Лидер
Контролно поле с фиксирана дължина 02385nam a2200421 c 4500
003 - Код на организацията, давaща контролен номер
Контролно поле BLK
005 - Дата и час на последна редакция
Контролно поле 20180420213806.0
008 - Елементи от данни с фиксирана дължина
fixed length control field 180412b bul|||||r ||||||| ||bul||
010 ## - Наследен системен номер
LC control number KNG00005358000
020 ## - Международен стандартен номер на книга ISBN
Международен стандартен номер на книга ISBN 954-584-097-8
-- издат.: Абагар Холдинг
040 ## - Източник на каталожния запис
Идентификатор на билиотеката - собственик на записа BLK
041 ## - Код за език
Код за езика на текст/звукозапис или на отделно заглавие Български
Код за езика КДБФ Български
080 ## - УДК
Текстов определител УДК Парапсихология. Нумерология. - Халюцинации, пророчества, предсказания, магии, демонология, телепатия, спиритизъм, илюзии, нумерология, мошеничество. Вж и 133 ; 398.4 ; 615.851
УДК код - определител по УДК 159.961
УДК определител (031)
УДК - код + определител 159.961(031)
080 ## - УДК
Текстов определител УДК Външен израз на психическите процеси и чертите на характера. Физиогномия. Френология. Графология. Краниоскопия
УДК код - определител по УДК 159.925
УДК определител (031)
УДК - код + определител 159.925(031)
080 ## - УДК
Текстов определител УДК Проблеми на окултното. Теории и системи на езотеричните дисциплини, които изясняват и интерпретират феномените и проблемите на окултното. Вж и 159.961; 291.3
УДК код - определител по УДК 133
УДК определител (031)
УДК - код + определител 133(031)
100 1# - Редна дума - Автор
Автор Хол, Ангъс
Авторска отговорност първи автор
R(LIN) 248393
139 ## - Редно поле
Редна дума Хол, Ангъс
Авторски знак Хол - Х 60
245 10 - Сведения за заглавието
Заглавие Тайните на Предсказанията
Редно поле (дума) Ангъс Хол; прев. от англ. Лъчезар Мандев.
257 ## - Страна на издаване
Страна на създаване/издаване Великобритания
260 ## - Област на издателските данни
-- София
Име на издателя, разпространителя и проч. Абагар Холдинг
Година на издаване 1994
300 ## - Физическа характеристика
Страници 136 с.
Илюстрации и др. с ил.
Размери/Мащаб 29 см
380 ## - Жанр
Жанр Философия
500 ## - Общи забележки
Забележка Изд. е кн. 2 на Ениклопедия Тайни. - 5 150 тир.
650 #4 - Допълнително описание по предмет – тема
Основно описание – тема или топоним Предсказания - енциклопедии
9 (RLIN) 248394
650 #4 - Допълнително описание по предмет – тема
Основно описание – тема или топоним Гадания - енциклопедии
9 (RLIN) 248395
650 #4 - Допълнително описание по предмет – тема
Основно описание – тема или топоним Парапсихология - енциклопедии
9 (RLIN) 248396
650 #4 - Допълнително описание по предмет – тема
Основно описание – тема или топоним Френология - енциклопедии
9 (RLIN) 248397
650 #4 - Допълнително описание по предмет – тема
Основно описание – тема или топоним Физиогномика - енциклопедии
9 (RLIN) 175298
653 ## - Ключова дума – ненормативна
Ключова дума хиромантия
653 ## - Ключова дума – ненормативна
Ключова дума физиогномика
653 ## - Ключова дума – ненормативна
Ключова дума предсказания
700 1# - Други автори (авторска отговорност)
Лично име Мандев, Лъчезар
Автороска отговорност (Описва отношението между автора и произведението) прев. от англ.
9 (RLIN) 245440
852 ## - Местоположение
Форматна сигнатура Цб ІІ 8244
856 4# - Електронен адрес и достъп
Електронен формат pdf - файл
Път до файла /url/
856 4# - Електронен адрес и достъп
Електронен формат pdf - файл
Път до файла /url/
942 ## - АРТИКУЛИ
Вид на библиотечния материал Книги
Скрит в OPAC Не
944 ## - СЪЗДАВАНЕ И РЕДАКЦИЯ на ЗАПИСА
Създаване/Редакция Създаване
Дата на регистрацията/редакция 15.01.2003
Служител, извършил регистрацията/редакцията Геновева_Генчева
944 ## - СЪЗДАВАНЕ И РЕДАКЦИЯ на ЗАПИСА
Създаване/Редакция Редакция
Дата на регистрацията/редакция 20.11.2003
Служител, извършил регистрацията/редакцията
999 ## - СИСТЕМНИ КОНТРОЛНИ НОМЕРА
Koha biblionumber 4226
Koha biblioitemnumber 4226
Наличности
Код за отписване Код за изгубен артикул Източник на класификационната схема Код за повреда Коз за рестрикции Код за отдаване Артикулен № Име на библиотеката - собственик Име на библиотеката, в която се намира в момента Статус (Текущо местоположение) Дата на вписване в системата Местоположение - отдел Цена в лева Инвентарен номер Систематично азбучна сигнатура Баркод Номер на екземпляра Цена в евро Служебна бележка Служебен тип на артикула
  Не е изгубен Universal Decimal Classification Не е повреден без рестрикции ползва се в читалня 7564 Регионална библиотека "Любен Каравелов" Русе Регионална библиотека "Любен Каравелов" Русе Хранилище 2001-01-01 Хранилище 2.39 608502 Цб II 8244 120000608502 1 1.22 Дост: Dp Вид: Д N: 52 Дата: 01.01.1994 Книги
  Не е изгубен Universal Decimal Classification Не е повреден без рестрикции ползва се в читалня 7565 Регионална библиотека "Любен Каравелов" Русе Регионална библиотека "Любен Каравелов" Русе Хранилище 1994-01-01 Основен фонд - ползва се само за читалня 5.30 607699 Цб ІІ 8244 120000607699 2 2.71 Дост: Pk Вид: Ф N: стар фонд Дата: 01.01.1994 Книги
  Не е изгубен Universal Decimal Classification Не е повреден без рестрикции ползва се в читалня 7566 Регионална библиотека "Любен Каравелов" Русе Регионална библиотека "Любен Каравелов" Русе Читалня 1994-01-01 Читалня 5.30 607698 Ч 159.9/Х 60 120000607698 3 2.71 Дост: Pk Вид: Ф N: стар фонд Дата: 01.01.1994 Дата инв: 29.03.2017 Бележки инв: Ч2017 Книги
Vip Innovations Ltd, Rousse, Bulgaria 2025